000 00620nam a2200181 a 4500
001 000041999
005 20201002035857.0
008 131029s1972 sp ab 000 0 spa d
020 _a842929502X
040 _aDO-SdBNP
_bspa
_cBNPHU
100 1 _aAzaola, José Miguel de
_968942
245 1 3 _aVasconia y su destino /
_cJosé Miguel de Azaola.
260 _aMadrid :
_bRevista de Occidente,
_c1972.
300 _av. (551) p. :
_bil. mapas ;
_c24 cm.
500 _aLa biblioteca posee el v.1
504 _aIncluye referencias bibliográficas y notas al pie de las páginas
505 2 _av. 1
_tLa regionalización de España
999 _c41488
_d41488